Taman Negara Malaysia
| Main Author: | |
|---|---|
| Format: | Book |
| Published: |
Kuala Lumpur :
E1 Publication Sdn. Bhd. ,
2014
|
| Series: | Pesona keunikan Malaysia
|
| Subjects: |
MARC
| LEADER | 00000cam a2200000 7i4500 | ||
|---|---|---|---|
| 001 | 0000181805 | ||
| 005 | 20140716.0 | ||
| 020 | |a 9789675892882 | ||
| 090 | 0 | 0 | |a 915.95 |b FIF |
| 100 | 0 | |a Fifi Hana | |
| 245 | 1 | 0 | |a Taman Negara Malaysia |c Fifi Hana |
| 260 | |a Kuala Lumpur : |b E1 Publication Sdn. Bhd. , |c 2014 | ||
| 300 | |a 64p. ; |c 26cm. | ||
| 490 | 0 | |a Pesona keunikan Malaysia | |
| 650 | 0 | 0 | |a Malaysia |x Description and travel |
| 650 | 0 | 0 | |a National parks and reserves |
| 999 | |a 00295880 |b BUKU |c MALAYSIANA |e PERPUSTAKAAN KOMUNITI PETALING JAYA | ||